<?xml version="1.0" encoding="UTF-8"?>
<record
    xmlns:xsi="http://www.w3.org/2001/XMLSchema-instance"
    xsi:schemaLocation="http://www.loc.gov/MARC21/slim http://www.loc.gov/standards/marcxml/schema/MARC21slim.xsd"
    xmlns="http://www.loc.gov/MARC21/slim">

  <leader>03216nam0a22003491i 4500</leader>
  <controlfield tag="001">RU\VMP\17358</controlfield>
  <controlfield tag="005">20250106131820.0</controlfield>
  <datafield tag="035" ind1=" " ind2=" ">
    <subfield code="a">(&#x420;&#x41D;&#x411;)rc\1323447</subfield>
  </datafield>
  <datafield tag="100" ind1=" " ind2=" ">
    <subfield code="a">20140617d1837    |||y0rusy5089    ca</subfield>
  </datafield>
  <datafield tag="101" ind1="0" ind2=" ">
    <subfield code="a">rus</subfield>
  </datafield>
  <datafield tag="102" ind1=" " ind2=" ">
    <subfield code="a">RU</subfield>
  </datafield>
  <datafield tag="105" ind1=" " ind2=" ">
    <subfield code="a">a z |||a|</subfield>
  </datafield>
  <datafield tag="200" ind1="1" ind2=" ">
    <subfield code="a">&#x423;&#x43D;&#x434;&#x438;&#x43D;&#x430;</subfield>
    <subfield code="e">&#x421;&#x442;&#x430;&#x440;&#x438;&#x43D;&#x43D;&#x430;&#x44F; &#x43F;&#x43E;&#x432;&#x435;&#x441;&#x442;&#x44C;, &#x440;&#x430;&#x441;&#x441;&#x43A;&#x430;&#x437;&#x430;&#x43D;&#x43D;&#x430;&#x44F; &#x43D;&#x430; &#x43D;&#x435;&#x43C;&#x435;&#x446;&#x43A;&#x43E;&#x43C; &#x44F;&#x437;&#x44B;&#x43A;&#x435; &#x432; &#x43F;&#x440;&#x43E;&#x437;&#x435; &#x431;&#x430;&#x440;&#x43E;&#x43D;&#x43E;&#x43C; &#x424;. &#x41B;&#x430;&#x43C;&#x43E;&#x442;&#x442; &#x424;&#x443;&#x43A;&#x435;, &#x43D;&#x430; &#x440;&#x443;&#x441;&#x441;&#x43A;&#x43E;&#x43C; &#x432; &#x441;&#x442;&#x438;&#x445;&#x430;&#x445;, &#x412;. &#x416;&#x443;&#x43A;&#x43E;&#x432;&#x441;&#x43A;&#x438;&#x43C;.</subfield>
    <subfield code="f">[&#x418;&#x43B;. &#x41C;&#x430;&#x439;&#x434;&#x435;&#x43B;&#x44F;]</subfield>
  </datafield>
  <datafield tag="210" ind1=" " ind2=" ">
    <subfield code="a">&#x421;&#x430;&#x43D;&#x43A;&#x442;&#x43F;&#x435;&#x442;&#x435;&#x440;&#x431;&#x443;&#x440;&#x433;</subfield>
    <subfield code="c">&#x412; &#x442;&#x438;&#x43F;&#x43E;&#x433;&#x440;&#x430;&#x444;&#x438;&#x438; &#x42D;&#x43A;&#x441;&#x43F;&#x435;&#x434;&#x438;&#x446;&#x438;&#x438; &#x437;&#x430;&#x433;&#x43E;&#x442;&#x43E;&#x432;&#x43B;&#x435;&#x43D;&#x438;&#x44F; &#x433;&#x43E;&#x441;&#x443;&#x434;&#x430;&#x440;&#x441;&#x442;&#x432;&#x435;&#x43D;&#x43D;&#x44B;&#x445; &#x431;&#x443;&#x43C;&#x430;&#x433;</subfield>
    <subfield code="d">1837</subfield>
  </datafield>
  <datafield tag="215" ind1=" " ind2=" ">
    <subfield code="a">[2], 244 &#x441;., 1 &#x43B;. &#x444;&#x440;&#x43E;&#x43D;&#x442;. (&#x438;&#x43B;.), 19 &#x43B;. &#x438;&#x43B;.</subfield>
    <subfield code="d">24</subfield>
  </datafield>
  <datafield tag="300" ind1=" " ind2=" ">
    <subfield code="a">&#x421;. 241 &#x43E;&#x448;&#x438;&#x431;&#x43E;&#x447;&#x43D;&#x43E; &#x43F;&#x43E;&#x43C;&#x435;&#x447;&#x435;&#x43D;&#x430;: 243</subfield>
  </datafield>
  <datafield tag="700" ind1=" " ind2="1">
    <subfield code="7">ca</subfield>
    <subfield code="a">&#x416;&#x443;&#x43A;&#x43E;&#x432;&#x441;&#x43A;&#x438;&#x439;</subfield>
    <subfield code="b">&#x412;. &#x410;.</subfield>
    <subfield code="c">&#x43F;&#x43E;&#x44D;&#x442;</subfield>
    <subfield code="f">1783-1852</subfield>
    <subfield code="g">&#x412;&#x430;&#x441;&#x438;&#x43B;&#x438;&#x439; &#x410;&#x43D;&#x434;&#x440;&#x435;&#x435;&#x432;&#x438;&#x447;</subfield>
  </datafield>
  <datafield tag="702" ind1=" " ind2="1">
    <subfield code="4">440</subfield>
    <subfield code="7">ca</subfield>
    <subfield code="a">&#x41C;&#x430;&#x439;&#x434;&#x435;&#x43B;&#x44C;</subfield>
    <subfield code="b">&#x444;.-&#x41B;. &#x444;&#x43E;&#x43D;</subfield>
    <subfield code="f">1795-1846</subfield>
    <subfield code="g">&#x424;&#x440;&#x438;&#x434;&#x440;&#x438;&#x445;-&#x41B;&#x44E;&#x434;&#x432;&#x438;&#x433; &#x444;&#x43E;&#x43D;</subfield>
  </datafield>
  <datafield tag="702" ind1=" " ind2="1">
    <subfield code="4">100</subfield>
    <subfield code="9">z01790</subfield>
    <subfield code="a">&#x41B;&#x430;&#x43C;&#x43E;&#x442;&#x442; &#x424;&#x443;&#x43A;&#x435;</subfield>
    <subfield code="b">&#x424;.&#x413;.&#x41A;.</subfield>
    <subfield code="f">1777-1843</subfield>
    <subfield code="g">&#x424;&#x440;&#x438;&#x434;&#x440;&#x438;&#x445; &#x413;&#x435;&#x43D;&#x440;&#x438;&#x445; &#x41A;&#x430;&#x440;&#x43B;</subfield>
  </datafield>
  <datafield tag="790" ind1=" " ind2="1">
    <subfield code="9">z01702</subfield>
    <subfield code="a">&#x424;&#x443;&#x43A;&#x435;</subfield>
    <subfield code="b">&#x424;. &#x434;&#x435; &#x43B;&#x430; &#x41C;.</subfield>
    <subfield code="f">1777-1843</subfield>
    <subfield code="g">&#x424;&#x440;&#x438;&#x434;&#x440;&#x438;&#x445; &#x434;&#x435; &#x43B;&#x430; &#x41C;&#x43E;&#x442;&#x442;</subfield>
  </datafield>
  <datafield tag="702" ind1=" " ind2="1">
    <subfield code="5">14987</subfield>
    <subfield code="4">390</subfield>
    <subfield code="a">&#x410;&#x43B;&#x44C;&#x43C;&#x435;&#x434;&#x438;&#x43D;&#x433;&#x435;&#x43D;</subfield>
    <subfield code="g">&#x410;&#x43B;&#x435;&#x43A;&#x441;&#x435;&#x439; &#x41D;&#x438;&#x43A;&#x43E;&#x43B;&#x430;&#x435;&#x432;&#x438;&#x447;</subfield>
  </datafield>
  <datafield tag="702" ind1=" " ind2="1">
    <subfield code="5">14988</subfield>
    <subfield code="4">390</subfield>
    <subfield code="a">&#x420;&#x43E;&#x434;&#x435;&#x432;&#x438;&#x447;</subfield>
    <subfield code="b">&#x412;&#x441;&#x435;&#x432;&#x43E;&#x43B;&#x43E;&#x434;</subfield>
  </datafield>
  <datafield tag="610" ind1=" " ind2=" ">
    <subfield code="5">14987</subfield>
    <subfield code="a">18-19 &#x432;&#x435;&#x43A;</subfield>
  </datafield>
  <datafield tag="610" ind1=" " ind2=" ">
    <subfield code="5">14988</subfield>
    <subfield code="a">18-19 &#x432;&#x435;&#x43A;</subfield>
  </datafield>
  <datafield tag="610" ind1=" " ind2=" ">
    <subfield code="5">14989</subfield>
    <subfield code="a">18-19 &#x432;&#x435;&#x43A;</subfield>
  </datafield>
  <datafield tag="942" ind1=" " ind2=" ">
    <subfield code="c">BOOK</subfield>
  </datafield>
  <datafield tag="090" ind1=" " ind2=" ">
    <subfield code="a">17358</subfield>
  </datafield>
  <datafield tag="995" ind1=" " ind2=" ">
    <subfield code="b">VMP</subfield>
    <subfield code="c">VMP</subfield>
    <subfield code="d">&#x420;&#x41A;&#x420;</subfield>
    <subfield code="e">&#x420;&#x41A;&#x420;</subfield>
    <subfield code="f">&#x420;&#x41A;&#x420;1569</subfield>
    <subfield code="h">18-19 &#x432;&#x435;&#x43A;</subfield>
    <subfield code="o">0</subfield>
    <subfield code="r">BOOK</subfield>
  </datafield>
  <datafield tag="995" ind1=" " ind2=" ">
    <subfield code="b">VMP</subfield>
    <subfield code="c">VMP</subfield>
    <subfield code="d">&#x420;&#x41A;&#x420;</subfield>
    <subfield code="e">&#x420;&#x41A;&#x420;</subfield>
    <subfield code="f">&#x420;&#x41A;&#x420;3941</subfield>
    <subfield code="h">18-19 &#x432;&#x435;&#x43A;</subfield>
    <subfield code="o">0</subfield>
    <subfield code="r">BOOK</subfield>
  </datafield>
  <datafield tag="995" ind1=" " ind2=" ">
    <subfield code="b">VMP</subfield>
    <subfield code="c">VMP</subfield>
    <subfield code="d">&#x420;&#x41A;&#x420;</subfield>
    <subfield code="e">&#x420;&#x41A;&#x420;</subfield>
    <subfield code="f">&#x420;&#x41A;&#x420;466</subfield>
    <subfield code="h">18-19 &#x432;&#x435;&#x43A;</subfield>
    <subfield code="o">0</subfield>
    <subfield code="r">BOOK</subfield>
  </datafield>
</record>
